Sports Quiz

Random Sports or WWE Quiz
Score 0/50 Timer 06:00
5 Plays Today
Category Superstar % Correct
Win%John Cena
92.9%
MatchesRoman Reigns
83.1%
WinsRoman Reigns
83%
Win%Roman Reigns
83%
LossesSeth Rollins
80.4%
MatchesDean Ambrose
78.4%
WinsDean Ambrose
78.3%
Win%Randy Orton
66.7%
Loss%Kane
66.3%
MatchesDolph Ziggler
60%
WinsDolph Ziggler
60%
LossesDolph Ziggler
60%
LossesSheamus
56.7%
MatchesKofi Kingston
54.5%
WinsKofi Kingston
54.5%
LossesKofi Kingston
54.4%
Loss%The Miz
54.4%
MatchesBig E
52.3%
WinsBig E
52.3%
LossesBig E
52.3%
MatchesCesaro
46.9%
WinsCesaro
46.9%
LossesCesaro
46.9%
Win%Daniel Bryan
46.7%
Loss%Heath Slater
40.4%
Category Superstar % Correct
MatchesRyback
35.7%
WinsRyback
35.6%
Win%Ryback
35.6%
LossesStardust
33%
Win%Charlotte
30%
Loss%Bo Dallas
30%
WinsSin Cara
30%
Loss%Curtis Axel
28.4%
Win%Erick Rowan
28.2%
WinsKalisto
27.7%
MatchesNeville
26.7%
WinsNeville
26.7%
Win%Neville
25%
Win%Sasha Banks
23.3%
LossesAdam Rose
22.2%
Loss%Adam Rose
22.2%
Win%Darren Young
19.9%
MatchesViktor
16.3%
LossesViktor
16.3%
Loss%Viktor
16.3%
MatchesKonnor
16%
LossesKonnor
16%
Loss%Konnor
16%
Loss%Diego
8.9%
Loss%Fernando
8.6%

You're not logged in!

Compare scores with friends on all Sporcle quizzes.
OR
Log In

Sporcle TV

Today on Sporcle TV


Watch our educational content, quiz creation guides, and fun videos on Sporcle TV.

Show Comments

Extras

Top Quizzes Today


Score Distribution

Paid Content

Your Account Isn't Verified!

In order to create a playlist on Sporcle, you need to verify the email address you used during registration. Go to your Sporcle Settings to finish the process.

Report this User

Report this user for behavior that violates our Community Guidelines.

Details: